书目信息 |
| 题名: |
烟叶风格定位及基地建设技术
|
|
| 作者: | 张一扬 , 谭智勇 , 李鹏飞 著 | |
| 分册: | ||
| 出版信息: | 长春 吉林大学出版社 2019 |
|
| 页数: | 378页 | |
| 开本: | 24cm | |
| 丛书名: | ||
| 单 册: | ||
| 中图分类: | F426.89 | |
| 科图分类: | ||
| 主题词: | 烟叶--原料--生产基地建设--研究--文山壮族苗族自治州 | |
| 电子资源: | ||
| ISBN: | 978-7-5692-5382-5 | |
| 000 | 00997nam0 2200241 450 | |
| 001 | 2355280444 | |
| 005 | 20231119152132.42 | |
| 010 | @a978-7-5692-5382-5@dCNY89.00 | |
| 100 | @a20200408d2019 em y0chiy50 ea | |
| 101 | 0 | @achi |
| 102 | @aCN@b220000 | |
| 105 | @ay z 000yy | |
| 200 | 1 | @a烟叶风格定位及基地建设技术@Ayan ye feng ge ding wei ji ji di jian she ji shu@e以文山州烟区为例@f张一扬,谭智勇,李鹏飞著 |
| 210 | @a长春@c吉林大学出版社@d2019 | |
| 215 | @a378页@d24cm | |
| 330 | @a本书以云南省文山州烟区为例,通过对形成烟叶质量风格特征的基础物质解读和生态条件分析,探究特色优质烟叶的品质形成机理,建立了烟叶风格特色的表征评价体系,集成了烟叶基地建设与管理技术,为产区烟叶风格定位和基地建设提供了参考。 | |
| 606 | 0 | @a烟叶@x原料@x生产基地建设@x研究@y文山壮族苗族自治州 |
| 690 | @aF426.89@v5 | |
| 701 | 0 | @a张一扬@Azhang yi yang@f(1974.9-)@4著 |
| 701 | 0 | @a谭智勇@Atan zhi yong@4著 |
| 701 | 0 | @a李鹏飞@Ali peng fei@4著 |
| 801 | 0 | @aCN@b山东中教@c20231119 |
| 905 | @aBZT@dF426.89@e5 | |
| 烟叶风格定位及基地建设技术:以文山州烟区为例/张一扬,谭智勇,李鹏飞著.-长春:吉林大学出版社,2019 |
| 378页;24cm |
| ISBN 978-7-5692-5382-5:CNY89.00 |
| 本书以云南省文山州烟区为例,通过对形成烟叶质量风格特征的基础物质解读和生态条件分析,探究特色优质烟叶的品质形成机理,建立了烟叶风格特色的表征评价体系,集成了烟叶基地建设与管理技术,为产区烟叶风格定位和基地建设提供了参考。 |
| ● |
| 相关链接 |
|
|
|
正题名:烟叶风格定位及基地建设技术
索取号:F426.89/5
 
预约/预借
| 序号 | 登录号 | 条形码 | 馆藏地/架位号 | 状态 | 备注 |
| 1 | 2000983907 | 2000983907 | 中教第一批/山东中教(第一批)/385/ [索取号:F426.89/5] | 在馆 | |
| 2 | 2000983908 | 2000983908 | 中教第一批/山东中教(第一批)/385/ [索取号:F426.89/5] | 在馆 | |
| 3 | 2000983909 | 2000983909 | 中教第一批/山东中教(第一批)/385/ [索取号:F426.89/5] | 在馆 | |
| 4 | 2000983910 | 2000983910 | 中教第一批/山东中教(第一批)/385/ [索取号:F426.89/5] | 在馆 | |
| 5 | 2000983911 | 2000983911 | 中教第一批/山东中教(第一批)/385/ [索取号:F426.89/5] | 在馆 | |
| 6 | 2000983912 | 2000983912 | 中教第一批/山东中教(第一批)/385/ [索取号:F426.89/5] | 在馆 |